000
00302nam a22001337a 4500
008
180207b xxu||||| |||| 00| 0 eng d
020
_a
97801343 60 16 4
041
_a
eng
080
_a
82
100
_a
22
101
_a
GJU
245
_a
PRENTICE HALL LITERATURE
_c
COPPER.L
942
_2
udc
_c
BK
999
_c
42043
_d
42043